00600 2200193 4500001002100000005001500021035002000036007000300056008003900059245006800098260003000166300002800196500001800224110002300242082003600265084004200301650004700343990001600390INLIS00000000000462620221005083321 a0010-0722000001ta221005 | | | 1 aRiwayat Hidup Raden Saleh Syarif Bustaman /cForum Sastra Bogor a[s.l.] :b[s.n.],c[s.a.] a14 p. :bill. ;c30 cm. aServer 2013/S0 aFORUM SASTRA BOGOR a929 Raden Saleh Syarif Bustaman a929 Raden Saleh Syarif Bustaman FOR r 4aBIOGRAPHIES (RADEN SALEH SYARIEF BUSTAMAN) a791/KA/2022